| 000 | 00505nam a2200181Ia 4500 | ||
|---|---|---|---|
| 008 | 131103s9999 xx 000 0 und d | ||
| 040 | _aLoreto College | ||
| 041 | _aEnglish | ||
| 082 |
_a920/DAV _bLCBED/12367 |
||
| 100 | _aDavidson, Margaret | ||
| 245 | 4 |
_aThe story of Thomas Alva Edison _b inventor _cMargaret Davidson |
|
| 260 |
_aNew york _bScholastic _c1990 |
||
| 300 |
_a64p. _b pic. _c 18cm. |
||
| 650 | _aEdison, Thomas Alva | ||
| 651 | _aBiography | ||
| 850 | _aLCBED/920/DAV | ||
| 942 | _cBK | ||
| 999 |
_c30771 _d81250 |
||